000 00341nam a22001577a 4500
005 20160629121950.0
008 160629b xxu||||| |||| 00| 0 eng d
041 _aeng
082 _b11021
100 _aGhosh, G.C.
_93164
245 _aBilbomangle Thakur
260 _bOlinent
300 _a190
650 _aManagement
_9241
942 _cBK
999 _c4633
_d4631